| 000 | 01256nam a2200253Ia 4500 | ||
|---|---|---|---|
| 999 |
_c51021 _d51021 |
||
| 001 | 17978 | ||
| 003 | GE_BSU | ||
| 005 | 20250304110124.0 | ||
| 008 | 181216s2002||||ge |||||||||||||| ||geo|| | ||
| 020 | _a9992846623 | ||
| 040 | _cGE_BSU | ||
| 041 | _ageo | ||
| 080 | _a581.6(479.22):615.32(479.22)+615.322 კ-75 | ||
| 100 |
_aკოპალიანი, ლია _924437 |
||
| 245 |
_aსაქართველოს სამკურნალო მცენარეები : _bუძველესი და თანამედროვე ფიტოთერაპია / _cლია კოპალიანი ; [რედ. ა. მიქელაძე]. |
||
| 250 | _aმე-2 გამოცემა | ||
| 264 |
_aქუთაისი : _bსაგამომცემლო ცენტრი, _c2002. |
||
| 300 |
_a380 გვ. ; _c20 სმ. |
||
| 504 | _aბიბლიოგრ. : გვ. 370 | ||
| 653 | _aსაქართველოს სამკურნალო მცენარეები | ||
| 653 | _aუძველესი და თანამედროვე ფიტოთერაპია | ||
| 700 |
_aმიქელაძე, ა. _eრედაქტორი _924438 |
||
| 942 |
_cBK _2udc |
||